"Propuesta de ley para la prevención, atención, sanción y erradicación... (Registro nro. 44670)
[ vista simple ]
| 000 -CABECERA | |
|---|---|
| campo de control de longitud fija | 00319nam a2200097 a 4500 |
| 005 - FECHA Y HORA DE LA ÚLTIMA TRANSACCIÓN | |
| campo de control | 20201002045938.0 |
| 008 - DATOS DE LONGITUD FIJA--INFORMACIÓN GENERAL | |
| campo de control de longitud fija | 150206s2004 000 spa d |
| 040 ## - FUENTE DE LA CATALOGACIÓN | |
| Centro catalogador/agencia de origen | DO-SdBNP |
| 245 #0 - MENCIÓN DE TÍTULO | |
| Título | "Propuesta de ley para la prevención, atención, sanción y erradicación... |
| 260 ## - PUBLICACIÓN, DISTRIBUCIÓN, ETC. | |
| Lugar de publicación, distribución, etc. | Santo Domingo, República Dominicana, |
| Fecha de publicación, distribución, etc. | [s.f.]. |
No hay ítems disponibles.
